000
00340nam a2200169Ia 4500
100
_a
Roach/ Peter
650
_a
English
250
_a
3
942
_c
BK
654
_a
english
245
_a
English Phonetics and Phonology
260
_b
Cambridge
_c
2000
082
_a
414
_b
ROA
300
_a
283
546
_a
ENGLISH
999
_c
34007
_d
34007